গৌড়রাজমালা / (Record no. 54962)
[ view plain ]
| 000 -LEADER | |
|---|---|
| fixed length control field | 01259nam a2200277 a 4500 |
| 001 - CONTROL NUMBER | |
| control field | 54962 |
| 003 - CONTROL NUMBER IDENTIFIER | |
| rucl marc code | BD-RjUL |
| 005 - DATE AND TIME OF LATEST TRANSACTION | |
| control field | 20211209080208.0 |
| 008 - FIXED-LENGTH DATA ELEMENTS--GENERAL INFORMATION | |
| fixed length control field | 161113s2005 ii ||||| |||| 00| 0 ben d |
| 020 ## - INTERNATIONAL STANDARD BOOK NUMBER | |
| International Standard Book Number | 8129503395 |
| Terms of availability | : IRs 100.00 |
| 035 ## - SYSTEM CONTROL NUMBER | |
| System control number | (BD-RjUL)55084 |
| 040 ## - CATALOGING SOURCE | |
| Original cataloging agency | BD-RjUL |
| Language of cataloging | ben |
| Transcribing agency | BD-RjUL |
| Modifying agency | BD-RjUL |
| 041 ## - LANGUAGE CODE | |
| Language code of text/sound track or separate title | ben |
| 082 ## - DEWEY DECIMAL CLASSIFICATION NUMBER | |
| Edition number | 23 |
| Classification number | 954 |
| Author mark and year | CHG 2005 |
| 100 1# - MAIN ENTRY--PERSONAL NAME | |
| Personal name | চন্দ, রমাপ্রসাদ |
| 9 (RLIN) | 163869 |
| 245 10 - TITLE STATEMENT | |
| Title | গৌড়রাজমালা / |
| Statement of responsibility, etc. | রমাপ্রসাদ চন্দ ; অতিরিক্ত সংযোজন রাজবিবরণ: রামপ্রাণ গুপ্ত ; সংগ্রহ:গ্রন্থনা: কমল চৌধুরী |
| 246 ## - VARYING FORM OF TITLE | |
| Title proper/short title | গৌড় রাজমালা |
| 250 ## - EDITION STATEMENT | |
| Edition statement | দে'জ সং. |
| 260 ## - PUBLICATION, DISTRIBUTION, ETC. (IMPRINT) | |
| Place of publication, distribution, etc. | কলকাতা : |
| Name of publisher, distributor, etc. | দে'জ পাবলিশিং, |
| Date of publication, distribution, etc. | ২০০৫. |
| 300 ## - PHYSICAL DESCRIPTION | |
| Pagination | ১৮৪ পৃ. ; |
| Size | ২২সেমি . |
| 651 ## - SUBJECT ADDED ENTRY--GEOGRAPHIC NAME | |
| Geographic name | ভারত |
| General subdivision | ইতিহাস |
| 9 (RLIN) | 163870 |
| Geographic name | India |
| General subdivision | History |
| 9 (RLIN) | 163871 |
| 700 ## - ADDED ENTRY--PERSONAL NAME | |
| Personal name | গুপ্ত, রামপ্রাণ, অতিরিক্ত সংযোজন |
| Personal name | চৌধুরী, কমল, সংগ্রাহক |
| 942 ## - ADDED ENTRY ELEMENTS (KOHA) | |
| Source of classification or shelving scheme | Dewey Decimal Classification |
| Koha item type | Books |
| Lost status | Source of classification or shelving scheme | Damaged status | Not for loan | Collection code | Permanent Location | Current Location | Shelving location | Date acquired | Source of acquisition | Cost, normal purchase price | Total Checkouts | Full call number | Date last seen | Copy number | Koha item type |
|---|---|---|---|---|---|---|---|---|---|---|---|---|---|---|---|
| Dewey Decimal Classification | Non-fiction | Central Library, University of Rajshahi | Central Library, University of Rajshahi | 11/03/2008 | Paragon Enterprises Dhaka | 100.00 | B 954 CHG 2005 | 13/11/2016 | C-2 | Books | |||||
| Dewey Decimal Classification | Non-fiction | Central Library, University of Rajshahi | Central Library, University of Rajshahi | 11/03/2008 | Paragon Enterprises Dhaka | 100.00 | B 954 CHG 2005 | 13/11/2016 | C-3 | Books | |||||
| Dewey Decimal Classification | Not For Loan | Non-fiction | Central Library, University of Rajshahi | Central Library, University of Rajshahi | Reading Room | 09/12/2021 | Paragon Enterprises, Dhaka | 100.00 | B 954 CHG 2005 | 06/05/2017 | C-1 | Books |